| 000 | 00642 a2200193 4500 | ||
|---|---|---|---|
| 010 | _aENG-85470 | ||
| 020 | _c70.00 | ||
| 035 | _aEN-69003 | ||
| 037 | _bD.B.Act / Pub | ||
| 082 | 1 | 4 | _a230.1 |
| 090 |
_c2781 _d2781 |
||
| 245 | 1 |
_aSome graphical puranic texts on Brahma _cedited by Mohammad Israil Khan |
|
| 260 |
_aGhaziabad _bCrescent Publishing House _c1981 |
||
| 270 |
_aF / D-56, New Kavinagar _bGhaziabad (U.P.) |
||
| 300 |
_aviii, 142 p. _c22 cm (Pbk.) _bphotos (B&W) |
||
| 700 | 1 | _aMohammad Israil Khan | |
| 942 |
_adpl _cEN _k230.1 / SOM |
||
| 999 |
_c2728 _d2728 |
||